Trasa linii M18 (Tychy Osiedle "Z1") - Statystyki

Ogólne statystyki
  • Ten quiz został rozwiązany 2 razy
  • Średni wynik to 7 z 28
Statystyki odpowiedzi
Przystanek % Poprawnych
20. Tychy Dworzec PKP
100%
28. Tychy Osiedle "Z1"
100%
6. Gliwice Kujawska
50%
16. Mikołów Dworzec
50%
21. Tychy Begonii
50%
27. Tychy Jezioro Paprocańskie
50%
23. Tychy Osiedle "K"
50%
26. Tychy Osiedle "T"
50%
25. Tychy Piłsudskiego
50%
24. Tychy Skałka
50%
22. Tychy Stoczniowców 70
50%
12. Borowa Wieś Świetlica
0%
7. Gliwice Arena Widowiskowo-Sportowa
0%
1. Gliwice Centrum Przesiadkowe
0%
3. Gliwice Dworcowa
0%
2. Gliwice Dworzec
0%
8. Gliwice Górna
0%
5. Gliwice Łużycka
0%
9. Gliwice Okrężna
0%
4. Gliwice Strzody
0%
18. Mikołów Krakowska
0%
17. Mikołów Plac Synagogi
0%
11. Paniówki Skrzyżowanie
0%
10. Przyszowice Skrzyżowanie
0%
15. Reta Hipermarket
0%
14. Śmiłowice Biblioteka
0%
19. Wilkowyje Gospoda
0%
13. Wygoda Skrzyżowanie
0%
Nie znaleziono quizów pasujących do podanych kryteriów
Rozkład punktacji
Procent ludzi z każdym wynikiem
Percentyl według liczby udzielonych odpowiedzi
Twoja historia wyników
Nie rozwiązałeś tego quizu